[Event "TUR-ch U13/18"]
[Site "Antalya"]
[Date "2023.01.23"]
[Round "3"]
[White "Ayhan, Ates Atabey"]
[Black "Kolat, Ata"]
[Result "0-1"]
[WhiteElo "1463"]
[BlackElo "1732"]
[PlyCount "54"]
[EventDate "2023.01.17"]
[EventType "swiss"]
[EventRounds "10"]
[EventCountry "TUR"]
[SourceTitle "EXT 2024"]
[Source "ChessBase"]
[SourceDate "2023.10.10"]
[SourceVersion "1"]
[SourceVersionDate "2023.10.10"]
[SourceQuality "1"]

1. d4 Nf6 2. c4 e6 3. Nf3 b6 4. g3 c6 5. Bg2 d5 6. 0-0 Be7 7. Qc2 0-0 8. Bf4 Bb7 9. Nbd2 Nbd7 10. Rfd1 h6 11. Ne5 Nxe5 12. Bxe5 Rc8 13. e4 dxe4 14. Nxe4 Nxe4 15. Bxe4 Bf6 16. Qa4 a6 17. Qb3 Ba8 18. Qa3 a5 19. Qb3 Be7 20. d5 Bc5 21. d6 Qd7 22. Bd4 Bxd4 23. Rxd4 c5 24. Rd2 Bxe4 25. Qxb6 e5 26. Re1 Bf3 27. Rd3 e4 0-1

[Event "EU-ch U12 30th"]
[Site "Antalya"]
[Date "2022.11.12"]
[Round "7"]
[White "Kolat, Ata"]
[Black "Ruzhansky, Elias"]
[Result "1-0"]
[WhiteElo "1702"]
[BlackElo "2070"]
[PlyCount "44"]
[EventDate "2022.11.06"]
[EventType "swiss"]
[EventRounds "9"]
[EventCountry "TUR"]
[SourceTitle "EXT 2024"]
[Source "ChessBase"]
[SourceDate "2023.10.10"]
[SourceVersion "1"]
[SourceVersionDate "2023.10.10"]
[SourceQuality "1"]

1. e4 c5 2. Nf3 Nc6 3. Bb5 Nf6 4. e5 Nd5 5. Nc3 Nc7 6. Bxc6 dxc6 7. h3 Bf5 8. d3 e6 9. 0-0 Be7 10. Qe2 Nb5 11. Nxb5 cxb5 12. Be3 0-0 13. Rfe1 Qd5 14. a4 a6 15. a5 Rfd8 16. Bf4 Rac8 17. b3 h6 18. Rac1 Qc6 19. c4 bxc4 20. dxc4 Qc7 21. Bd2 Rd3 22. Bc3 Rcd8 1-0

[Event "EU-chT U12"]
[Site "Thessaloniki"]
[Date "2022.07.12"]
[Round "1.2"]
[White "Kolat, Ata"]
[Black "Malinowsky, Levi"]
[Result "1-0"]
[WhiteElo "1621"]
[BlackElo "1814"]
[PlyCount "102"]
[EventDate "2022.07.12"]
[EventType "team-swiss"]
[EventRounds "7"]
[EventCountry "GRE"]
[SourceTitle "EXT 2023"]
[Source "ChessBase"]
[SourceDate "2022.10.05"]
[SourceVersion "1"]
[SourceVersionDate "2022.10.05"]
[SourceQuality "1"]
[WhiteTeam "Turkey U12"]
[BlackTeam "Germany U12"]
[WhiteTeamCountry "TUR"]
[BlackTeamCountry "GER"]

1. e4 c5 2. Nf3 e6 3. c4 Nc6 4. d4 cxd4 5. Nxd4 Nf6 6. Nc3 Bb4 7. Nxc6 bxc6 8. Bd3 e5 9. 0-0 d6 10. h3 Be6 11. Be3 Nd7 12. Na4 0-0 13. a3 Ba5 14. b4 Bc7 15. Qc2 Qe7 16. c5 a5 17. Rfc1 Rfc8 18. Nb6 Nxb6 19. cxb6 Bd8 20. bxa5 Rxa5 21. a4 c5 22. Bd2 Raa8 23. a5 c4 24. Bf1 Qb7 25. Bc3 Ra6 26. Rcb1 g6 27. g3 Qd7 28. Kh2 f5 29. Rd1 Qc6 30. Bg2 f4 31. gxf4 exf4 32. Qd2 Be7 33. Qd4 Kf7 34. e5 d5 35. Bxd5 Bxd5 36. Qxd5+ Qxd5 37. Rxd5 Ke6 38. Rad1 h5 39. Rb5 Rb8 40. Rd4 g5 41. Rxc4 g4 42. Rxf4 Bg5 43. Rc4 Rf8 44. Bd4 Bf4+ 45. Kg2 gxh3+ 46. Kxh3 Kf5 47. e6+ Kxe6 48. b7 Bb8 49. Rc8 Kf7 50. Rxf8+ Kxf8 51. Be5 Ba7 1-0